[Event "Bergen Grand Prix 2019"]
[Site "Bergen"]
[Date "2019.11.15"]
[Round "1.1"]
[White "Haldorsen, Benjamin"]
[Black "Melkevik, Johannes"]
[Result "1-0"]
[WhiteElo "2443"]
[BlackElo "1907"]
[Annotator "TA"]
[PlyCount "61"]
[EventDate "2019.11.15"]
[EventType "swiss"]
[EventCountry "NOR"]
[SourceTitle "playchess.com"]
[Source "ChessBase"]
[SourceQuality "1"]

{[%evp 19,61,0,0,0,0,-6,-8,0,0,0,0,-20,0,-3,0,0,52,50,114,-61,-49,-124,-98,-98,0,0,2,-107,-64,-57,0,0,113,61,64,92,273,260,407,408,998,1002,945,958]} 1. c4 Nf6 2. g3 e6 3. Nf3 d5 4. Bg2 Be7 5. O-O O-O 6. d4 dxc4 7. Ne5 Nc6 8. Nxc6 bxc6 9. Na3 Bxa3 10. bxa3 Ba6 11. Qd2 {E05: Open Catalan: 5 Nf3 Be7} Rb8 12. Qa5 Qc8 13. a4 {The position is equal.} Rd8 14. Rd1 {[#]} e5 $146 {[%mdl 512]} ({Predecessor:} 14... c3 15. Bg5 Bxe2 16. Bxf6 gxf6 17. Re1 Bc4 18. Qh5 Bd5 {0-1 (82) Mamedyarov,S (2764)-Aronian,L (2765) Saint Louis 2019}) 15. Qxe5 Re8 16. Qc5 Rxe2 17. Bxc6 Bb7 (17... Qe6 $11 18. Ba3 Ne4 19. Qxa7 {[%mdl 64] Double Attack} Nxf2 20. Qxb8+ Bc8 21. Qxc7 (21. Bf3 Nxd1 22. Bxe2 Qe3+ {[%mdl 64] Double Attack} 23. Kh1 Qe4+ 24. Kg1 Qe3+ 25. Kh1 Qe4+ 26. Kg1 Qe3+ $11) 21... Nh3+ 22. Kh1 Nf2+ {[%mdl 64] Double Attack} 23. Kg1 Nh3+ 24. Kh1 Nf2+ {[%mdl 64] Double Attack} 25. Kg1) 18. Qxc4 $14 Bxc6 (18... Re6 $14 19. Bxb7 Qxb7) 19. Qxc6 $2 (19. Qxe2 $16 {Bg5 is the strong threat.} Qf5 20. f3) 19... Qf5 20. Rf1 {[#]} (20. Be3 $15) 20... Nd5 $1 $17 {[%mdl 1024] Black has strong compensation.} 21. Ba3 Qe4 {[#]} (21... Rbe8 $17) 22. Rab1 $1 $11 {[%mdl 512]} Re8 (22... Rxb1 23. Qa8+) 23. a5 (23. Be7 $11 Rc8 24. Bb4) 23... Rc2 ({Of course not} 23... Qxd4 $6 24. Bc5 $11) ({Stronger than} 23... Rxa2 {[#]} 24. Rfe1 $1 $16 {[%mdl 512]}) 24. Bc5 {Threatens to win with Rfe1.} Re2 ({Not} 24... Rxa2 $2 25. Rbe1 $18) ({Black should play} 24... h5 $1 $15) 25. Bxa7 {Black must now prevent Bc5.} Qf5 (25... h5 $11) 26. Rb8 (26. Bb8 $16) 26... Rxb8 $14 27. Bxb8 $40 {[%mdl 128] Strongly threatening a6. White goes for the king.} Re6 $2 (27... h5 $16 {might work better.}) 28. Qb7 $18 {White threatens Qc8+ and mate.} h6 (28... g5 $142 29. Bxc7 Nxc7) 29. a6 Nf4 (29... Nc3 $142 30. a7 Ne2+ 31. Kg2 Nf4+ 32. Kh1 Qd3) 30. Bxc7 Ne2+ 31. Kg2 {Accuracy: White = 49%, Black = 25%.} 1-0

[Event "Bergen Grand Prix 2019"]
[Site "Bergen"]
[Date "2019.11.15"]
[Round "1.2"]
[White "Omtvedt, Aleksander"]
[Black "Fossan, Petter"]
[Result "0-1"]
[WhiteElo "1900"]
[BlackElo "2315"]
[Annotator "NA"]
[PlyCount "46"]
[EventDate "2019.11.15"]
[EventType "swiss"]
[EventCountry "NOR"]
[SourceTitle "playchess.com"]
[Source "ChessBase"]
[SourceQuality "1"]
[TimeControl "40/5400:1800"]

1. b3 {[%emt 0:00:24]} e5 {[%emt 0:01:40]} 2. Bb2 {[%emt 0:00:15]} d6 {[%emt 0:02:58]} 3. e3 {[%emt 0:00:10]} g6 {[%emt 0:00:38]} 4. d4 {[%emt 0:01:50]} Nd7 {[%emt 0:00:25]} 5. dxe5 {[%emt 0:04:59]} dxe5 {[%emt 0:00:07]} 6. Nf3 {[%emt 0:00:09]} Bg7 {[%emt 0:00:07]} 7. Be2 {[%emt 0:01:04]} Ne7 {[%emt 0:01:02]} 8. c4 {[%emt 0:01:45]} O-O {[%emt 0:00:47]} 9. Qc2 {[%emt 0:00:13]} c6 {[%emt 0:07:00]} 10. Nbd2 {[%emt 0:02:31]} Qc7 {[%emt 0:01:18]} 11. e4 {[%emt 0:03:01]} Nc5 {[%emt 0:01:26]} 12. O-O {[%emt 0:06:46]} Ne6 {[%emt 0:00:44]} 13. Rfe1 {[%emt 0:01:24]} f5 {[%emt 0:04:33]} 14. c5 {[%emt 0:02:38]} Kh8 {[%emt 0:03:44]} 15. exf5 {[%emt 0:05:33]} gxf5 {[%emt 0:00:44]} 16. Nc4 {[%emt 0:08:12]} Ng6 {[%emt 0:01:30]} 17. b4 {[%emt 0:01:45]} e4 {[%emt 0:01:47]} 18. Bxg7+ {[%emt 0:04:45]} Qxg7 {[%emt 0:00:17]} 19. Nfd2 {[%emt 0:00:07]} Nd4 {[%emt 0:03:28]} 20. Qb2 {[%emt 0:00:56]} Nf4 {[%emt 0:01:08]} 21. Bf1 {[%emt 0:00:32]} Nxg2 {[%emt 0:03:25]} 22. Kh1 {[%emt 0:01:33]} Nxe1 {[%emt 0:05:17]} 23. Rxe1 {[%emt 0:00:15]} Rg8 {[%emt 0:01:04]} 0-1

[Event "Bergen Grand Prix 2019"]
[Site "Bergen"]
[Date "2019.11.15"]
[Round "1.3"]
[White "Fossan, Aleksander"]
[Black "Wadstensvik, Petter Andreas"]
[Result "1-0"]
[WhiteElo "2179"]
[BlackElo "1895"]
[Annotator "TA"]
[PlyCount "77"]
[EventDate "2019.11.15"]
[EventType "swiss"]
[EventCountry "NOR"]
[SourceTitle "playchess.com"]
[Source "ChessBase"]
[SourceQuality "1"]

{[%evp 22,77,85,0,11,2,47,24,29,38,50,23,19,12,23,25,32,14,38,35,50,44,52,60,54,47,39,56,68,79,58,73,54,59,80,54,96,41,77,65,50,65,121,42,42,42,50,50,104,101,170,182,206,197,291,303,373,354]} 1. e4 c5 2. c3 d5 3. exd5 Qxd5 4. d4 Nc6 5. Nf3 Bg4 6. Be2 Nf6 7. O-O e6 8. h3 Bh5 9. Be3 cxd4 10. cxd4 Be7 11. Nc3 {[%cal Bb1c3,Bc3e4,Be4c5][%mdl 32]} Qd7 12. a3 (12. g4 $16 Bg6 13. Ne5) 12... Nd5 $146 {B22: Sicilian: 2 c3} ({Predecessor:} 12... Rc8 13. Qd2 O-O 14. Rfd1 Rfd8 15. Rac1 Nd5 16. Nxd5 Qxd5 17. Qd3 Bg6 18. Qc4 Qxc4 19. Bxc4 Be4 20. Nd2 {0-1 (54) Piechota,K (1393)-Uchman,P (1183) Szczyrk 2017}) 13. Qb3 Bf6 14. Rad1 Bxf3 {White has an edge.} 15. Bxf3 {[%cal Rc3d5]} Nce7 16. Ne4 O-O 17. Nc5 Qc6 18. Rc1 Rab8 19. Rfe1 Qd6 20. Ne4 ({Reject} 20. Nxb7 Qa6 $15) 20... Qb6 21. Qxb6 Nxb6 22. Nxf6+ gxf6 23. Bf4 Rbd8 24. Bc7 Rxd4 25. Bxb6 axb6 26. Rc7 $36 {[%mdl 2048] Black is under strong pressure.} Ng6 27. Rxb7 Rd6 28. Rc1 Rfd8 29. Bh5 (29. Rcc7 $16) 29... R8d7 $14 30. Rxd7 $1 Rxd7 $16 {[%mdl 4096] Endgame KRB-KRN} 31. Rc6 Rb7 (31... b5 $1 $14) 32. Bf3 (32. Rc8+ $1 $16 Kg7 33. Bf3) 32... Rb8 $14 33. Rc7 Ne5 34. Bh5 b5 ({Black should try} 34... Ng6 $14) 35. Kf1 $16 b4 {[#]} (35... Kf8 $16) 36. a4 $1 $18 b3 {[#]} 37. Be2 $1 {a5 is the strong threat.} Rb4 (37... Ra8 {was called for.}) 38. Bb5 Ng6 39. Rc4 {Accuracy: White = 60%, Black = 19%.} 1-0

[Event "Bergen Grand Prix 2019"]
[Site "Bergen"]
[Date "2019.11.15"]
[Round "1.4"]
[White "Flatebo, Hallvard Haug"]
[Black "Mansoor, Afras"]
[Result "1/2-1/2"]
[WhiteElo "1837"]
[BlackElo "2115"]
[Annotator "TA"]
[PlyCount "156"]
[EventDate "2019.11.15"]
[EventType "swiss"]
[EventCountry "NOR"]
[SourceTitle "playchess.com"]
[Source "ChessBase"]
[SourceQuality "1"]

{[%evp 20,156,4,0,17,-17,31,22,133,108,126,0,96,89,166,101,125,91,135,59,70,55,132,111,117,50,79,-495,-473,-463,-344,-364,-356,-385,-331,-372,-362,-418,-307,-297,14,14,14,14,48,14,14,14,14,14,14,14,14,8,16,8,2,0,0,0,8,0,24,8,74,71,128,128,147,146,205,30,44,16,28,20,20,20,28,28,28,20,28,28,28,28,28,28,28,28,28,28,28,28,28,24,24,24,28,20,4571,4571,4571,4571,4571,4571,4571,4571,4571,4571,4571,4571,4571,4571,4571,4571,4571,4571,4571,4571,4571,0,4571,4571,4571,4571,4571,0,4571,4571,4571,4571,4571,4571,4571,4571,4571,4571,4571]} 1. d4 Nf6 2. c4 e6 3. Nc3 d5 4. Nf3 c6 5. e3 Nbd7 6. Qc2 Bd6 7. b3 O-O 8. Bb2 Qe7 9. Be2 b6 10. O-O Bb7 11. Rad1 Rac8 {D45: Semi-Slav: 5 e3} (11... Rad8 12. Rfe1 Rfe8 13. e4 Nxe4 14. Nxe4 dxe4 15. Qxe4 Bb4 16. Rf1 Bd6 17. Bd3 f5 18. Qh4 c5 19. d5 Qxh4 20. Nxh4 g6 21. dxe6 Rxe6 22. Nxf5 gxf5 23. Bxf5 {1-0 (56) Giri,A (2780)-Duda,J (2730) chess.com INT 2019}) 12. Rfe1 Rfd8 13. e4 e5 {[#]} (13... Nxe4 $11 {remains equal.} 14. Nxe4 dxe4 15. Qxe4 Nf6) 14. dxe5 $146 ({Predecessor:} 14. Bd3 dxc4 15. Bxc4 b5 16. Bf1 a6 17. g3 g6 18. Bg2 Bb8 19. h3 exd4 20. Nxd4 {1-0 (73) Laznicka,V (2610)-Kaplan,S (2466) Yerevan 2007}) 14... Nxe5 15. Nd4 ({White must play} 15. exd5 $16 Re8 16. Nxe5 Bxe5 17. Bf3) 15... Ng6 (15... g6 $11) 16. Nf5 $16 Qe6 (16... Qc7 $16) 17. Nxd6 (17. exd5 $18 cxd5 18. Bf3) 17... Qxd6 18. exd5 cxd5 19. Qf5 (19. Nb5 $16 Qb8 20. Qf5) 19... Qb4 {[%cal Rd5c4]} 20. Nb5 Ne4 (20... dxc4 $14 21. Bxf6 (21. Nxa7 Rd5 $17) (21. Bxc4 Rxd1 22. Rxd1 Rxc4 $11 {[%mdl 64] Pin}) 21... Rd5) 21. Ba3 (21. Nxa7 $6 Ra8 $11) 21... Qa5 {aiming for ...a6.} 22. Bd3 (22. cxd5 $16 Rxd5 23. b4 Rxf5 24. bxa5) 22... a6 23. f3 $2 {[%mdl 8192]} (23. Bxe4 $16 {is necessary to keep the advantage.} dxe4 24. Nd6 {[%mdl 64] Double Attack} Qxf5 25. Nxf5) 23... axb5 $19 24. fxe4 bxc4 ({Less strong is} 24... Qxa3 25. cxd5 Qd6 26. Rd2 $19) 25. bxc4 Qxa3 26. exd5 Qxa2 27. h4 {If White can now play h5 this consolidates a bit.} Qa3 28. Rf1 Qe7 29. Rde1 Qd7 $2 ({Stronger than} 29... Qxh4 30. Qxf7+ Kh8 31. Bxg6 $11) ({Black should play} 29... Qc5+ $19 30. Kh1 Rc7) 30. Qxd7 $11 Rxd7 31. Bf5 Rdc7 {Threatens to win with ...Rd8.} (31... Rdd8 $5 {[%cal Rc8c4]} 32. Bxc8 Bxc8 $14) 32. Bxc8 (32. d6 $5 {[%cal Rf5c8]} Rxc4 33. d7 $11) 32... Rxc8 33. h5 Nf8 $1 34. Re7 $1 {[%csl LRb7,LRf7][%mdl 64] Double Attack} Ba6 35. Rfxf7 Bxc4 36. Rxg7+ Kh8 37. Rg5 Rd8 38. Rb7 b5 39. Rf5 h6 40. Re5 Bd3 41. Rb6 Bc4 (41... Kg7 $11) 42. Rxh6+ $16 Kg8 (42... Kg7 $142 43. Rb6 Rxd5 44. Rxd5 Bxd5) 43. Rb6 Nh7 44. g4 Rxd5 (44... Bxd5 $16 45. Kf2 (45. Rxb5 Bf3 $16) 45... Bc4 46. Rg6+ Kh8) 45. Rxd5 $2 (45. Rb8+ $1 $18 Nf8 46. Ree8 Rd1+ 47. Kg2) 45... Bxd5 $11 46. g5 b4 47. g6 {White threatens h6 and mate.} Nf8 48. h6 {Threatening mate with Rb8!} Nxg6 {[%mdl 64] Remove Defender} 49. Rxg6+ {[%mdl 4096] Endgame KR-KB} Kh7 50. Rd6 Bg8 51. Kf2 {Black must now prevent Ke3.} b3 52. Rb6 b2 53. Kg3 b1=Q 54. Rxb1 Kxh6 55. Kf4 Bc4 56. Rb6+ Kg7 57. Kf5 Bd3+ 58. Kg5 Bc4 59. Rg6+ Kh8 $2 {[%mdl 8192]} (59... Kf7 $11) 60. Kf6 $18 Bd3 61. Rg3 Bc2 62. Kf7 Be4 63. Rg8+ Kh7 {[#]} 64. Rg5 $1 {[%cal Rg5h5]} Kh8 65. Re5 Bd3 66. Re3 Bc2 67. Rc3 Be4 68. Rc8+ Kh7 69. Rc5 {[%cal Rc5h5]} Kh8 70. Re5 Bd3 $1 71. Re1 Bc2 72. Rg1 Bd3 73. Rg3 $2 ({White should try} 73. Rh1+ $18 Bh7 74. Kf6) 73... Bc2 $2 {[%mdl 8192]} (73... Be4 $11) 74. Kf6 {White is clearly winning.} Be4 75. Re3 Bd5 76. Kg6 Bc4 77. Rh3+ Kg8 {[#]} 78. Rc3 $1 {[%cal Rc3c4]} Bf7+ {[%mdl 32768] Accuracy: White = 33%, Black = 28%. . An unexpected result.} 1/2-1/2

[Event "Bergen Grand Prix 2019"]
[Site "Bergen"]
[Date "2019.11.15"]
[Round "1.5"]
[White "Kizatbay, Abyl"]
[Black "Sidali, Elias Hulleberg"]
[Result "1-0"]
[WhiteElo "2113"]
[BlackElo "1834"]
[Annotator "TA"]
[PlyCount "51"]
[EventDate "2019.11.15"]
[EventType "swiss"]
[EventCountry "NOR"]
[SourceTitle "playchess.com"]
[Source "ChessBase"]
[SourceQuality "1"]

{[%evp 11,51,-9,21,12,12,12,21,20,25,20,35,17,21,8,25,25,30,14,25,23,100,68,55,53,107,25,25,21,81,43,43,-40,473,499,473,485,1229,1210,1108,1135,1346,1314]} 1. e4 e5 2. Nf3 Nc6 3. d4 exd4 4. Nxd4 Bc5 5. Nb3 Bb6 6. Nc3 Nge7 (6... Nf6 {with more complications.} 7. Bd3 O-O 8. O-O Re8 9. Bg5 h6) 7. Bg5 {C45: Scotch Game} f6 8. Bh4 d6 (8... a5 9. Bb5 Ne5 10. f4 N5g6 11. Bg3 c6 12. Bc4 Bc7 13. Qf3 b5 14. Bd3 a4 {1-0 (37) Amin,B (2709)-Grandelius,N (2694) Astana 2019}) 9. Qd2 {The position is equal.} Be6 10. O-O-O Qd7 11. f4 $146 ({Predecessor:} 11. Nd5 Ne5 12. h3 Bxd5 13. exd5 Qa4 14. Bg3 Qxa2 15. Bxe5 fxe5 {0-1 (24) Klokas,K (2191)-Panagiotakos,N (2051) Heraklio 2007}) 11... O-O-O 12. Nd5 Rde8 13. Bb5 Kb8 14. Kb1 Qd8 15. a4 {a5 is the strong threat.} a6 (15... Bd7 $11 {remains equal.}) 16. Nxb6 {[#] Black must now prevent Bxc6.} axb5 17. axb5 Na7 (17... Bxb3 $14 18. bxc6 (18. cxb3 Na7 $14) 18... cxb6) 18. Nd5 (18. Nd4 $16 Ng6 19. f5 Nxh4 20. Nxe6 Rxe6 21. fxe6 cxb6 22. Qxd6+ Qxd6 23. Rxd6 Nxb5 24. Rd7 (24. Rxb6 Nd4 $14)) 18... Nxb5 $11 19. Qb4 $36 {[%mdl 2048] White is more active.} Na7 (19... Nxd5 $11 20. exd5 Bd7) 20. Na5 {[%csl Ga5][%cal Rb4b7]} Bc8 21. Rd3 (21. Nc3 $14) 21... Nec6 $2 {[%mdl 8192]} (21... c5 $1 $15 {stays ahead.} 22. Qd2 Nxd5 23. Rxd5 Nb5) 22. Nxc6+ $18 {White is clearly winning.} Nxc6 23. Qa4 {Intending Ra3 and mate.} b5 (23... Be6 $142 24. Bf2 Kc8) 24. Qxb5+ Bb7 {[#]} 25. Rb3 $1 {[%csl Gb3][%cal Rb5b7]} Qc8 26. Qxc6 {Accuracy: White = 57%, Black = 30%.} 1-0

[Event "Bergen Grand Prix 2019"]
[Site "Bergen"]
[Date "2019.11.15"]
[Round "1.6"]
[White "Hjornevik, Knut J"]
[Black "Holleland, Sigve"]
[Result "1-0"]
[WhiteElo "1807"]
[BlackElo "2098"]
[Annotator "NA RC"]
[PlyCount "139"]
[EventDate "2019.11.15"]
[EventType "swiss"]
[EventCountry "NOR"]
[SourceTitle "playchess.com"]
[Source "ChessBase"]
[SourceQuality "1"]
[TimeControl "40/5400:1800"]

1. Nf3 {[%emt 0:00:05]} Nf6 {[%emt 0:00:17]} 2. d4 {[%emt 0:01:03]} e6 {[%emt 0:00:15]} 3. g3 {[%emt 0:00:17]} b6 {[%emt 0:02:09]} 4. Bg2 {[%emt 0:00:07]} Bb7 {[%emt 0:00:04]} 5. O-O {[%emt 0:01:05]} c5 {[%emt 0:00:19]} 6. c4 {[%emt 0:05:30]} cxd4 {[%emt 0:01:39]} 7. Nxd4 {[%emt 0:00:06]} Bxg2 {[%emt 0:00:09]} 8. Kxg2 {[%emt 0:00:04]} Qc7 {[%emt 0:06:06]} 9. b3 {[%emt 0:01:23] A30: Symmetrical English: Double Fianchetto and Hedgehog} a6 {[%emt 0:01:21]} 10. Bb2 {[%emt 0:04:45]} (10. Kg1 Be7 11. Bb2 O-O 12. Nc3 Qb7 13. Qd3 d6 14. Qf3 Qxf3 15. Nxf3 Rc8 16. Rfd1 Nbd7 17. Nd4 Rc7 18. f3 Rac8 19. Rac1 g6 20. e3 d5 21. cxd5 Nxd5 22. Nxd5 exd5 23. Rxc7 Rxc7 24. Kf2 Bf6 25. Ke2 h5 26. h3 {½-½ (26) Timoshenko,G (2518)-Miroshnichenko,E (2619) Mamaia 2013}) 10... Bc5 {[%emt 0:02:11]} 11. Qd3 {[%emt 0:02:10]} Nc6 {[%emt 0:02:05]} 12. Nxc6 $146 {[%emt 0:05:13]} ({Predecessor:} 12. Qf3 Ke7 13. Rd1 Nxd4 14. Bxd4 Bxd4 15. Rxd4 Qc6 16. Nc3 Rac8 {½-½ (25) Pfadenhauer,J (2067)-Woerl,R (2047) Fuerth 2015}) 12... Qxc6+ {[%emt 0:00:51]} 13. Qf3 {[%emt 0:00:34]} Qxf3+ {[%emt 0:07:35]} 14. Kxf3 {[%emt 0:00:09]} b5 {[%emt 0:01:09]} 15. Rc1 {[%emt 0:02:46]} d6 {[%emt 0:00:56]} 16. e3 {[%emt 0:01:31]} Ke7 {[%emt 0:01:53]} 17. Na3 {[%emt 0:03:10]} Rab8 {[%emt 0:01:51]} 18. cxb5 {[%emt 0:07:25]} axb5 {[%emt 0:00:18]} 19. Nc2 {[%emt 0:00:14]} e5 {[%emt 0:01:55]} 20. b4 {[%emt 0:03:08]} Bb6 {[%emt 0:00:06]} 21. e4 {[%emt 0:01:52]} g5 {[%emt 0:02:16]} 22. Re1 {[%emt 0:05:26]} Rhc8 {[%emt 0:03:57]} 23. Na3 {[%emt 0:04:24]} Ra8 {[%emt 0:03:52]} 24. Rac1 {[%emt 0:00:39]} Rxc1 {[%emt 0:00:22]} 25. Bxc1 {[%emt 0:00:17]} Ra4 {[%emt 0:03:14]} 26. Re2 {[%emt 0:10:12]} g4+ {[%emt 0:01:01]} 27. Kg2 {[%emt 0:00:04]} Rxb4 {[%emt 0:00:19]} 28. f3 {[%emt 0:00:13]} gxf3+ {[%emt 0:02:05]} 29. Kxf3 {[%emt 0:00:06]} Bc5 {[%emt 0:02:36]} 30. Rb2 {[%emt 0:04:16]} Rxb2 {[%emt 0:02:29]} 31. Bxb2 {[%emt 0:00:05]} Bxa3 {[%emt 0:00:25]} 32. Bxa3 {[%emt 0:00:06]} Ke6 {[%emt 0:00:08]} 33. Bb4 {[%emt 0:01:18]} d5 {[%emt 0:01:01]} 34. exd5+ {[%emt 0:00:08]} Nxd5 {[%emt 0:00:39]} 35. Bd2 {[%emt 0:00:35]} e4+ {[%emt 0:00:29]} 36. Kxe4 {[%emt 0:00:34]} Nb6 {[%emt 0:01:47]} 37. Kd4 {[%emt 0:04:23]} Na4 {[%emt 0:00:23]} 38. Bf4 {[%emt 0:00:40]} f6 {[%emt 0:01:17]} 39. h4 {[%emt 0:01:50]} h5 {[%emt 0:02:34]} 40. a3 {[%emt 0:01:24]} Kf5 {[%emt 0:02:59]} 41. Kd5 {[%emt 0:33:24]} Nc3+ {[%emt 0:30:23]} 42. Kc5 {[%emt 0:00:16]} Ke4 {[%emt 0:02:10]} 43. Bb8 {[%emt 0:00:00]} Kd3 $2 {[%emt 0:00:00] [#]} (43... Kf3 $11 {and Black stays safe.}) 44. Bc7 $11 {[%emt 0:00:00]} (44. g4 $1 $18 {[%cal Rg4h5][%mdl 512]} Ke4 (44... hxg4 45. h5) 45. gxh5) 44... Ke4 {[%emt 0:00:00]} 45. Bd6 {[%emt 0:00:00]} Kd3 {[%emt 0:00:00]} 46. Kb4 {[%emt 0:00:00]} Kd4 {[%emt 0:00:00]} 47. Bc5+ {[%emt 0:00:00]} Kd3 {[%emt 0:00:00]} 48. Ba7 {[%emt 0:00:00]} Nb1 {[%emt 0:00:00]} 49. g4 {[%emt 0:00:00]} hxg4 {[%emt 0:00:00]} 50. h5 {[%emt 0:00:00]} Nc3 {[%emt 0:00:00]} 51. h6 {[%emt 0:00:00]} Nd5+ {[%emt 0:00:00]} 52. Kxb5 {[%emt 0:00:00]} Ne7 {[%emt 0:00:00]} 53. Bc5 {[%emt 0:00:00]} Ng6 {[%emt 0:00:00]} 54. a4 {[%emt 0:00:00]} f5 {[%emt 0:00:00]} 55. a5 {[%emt 0:00:00]} f4 {[%emt 0:00:00]} 56. a6 {[%emt 0:00:00]} f3 {[%emt 0:00:00]} 57. Bf2 {[%emt 0:00:00]} Ke2 {[%emt 0:00:00]} 58. Bg3 {[%emt 0:00:00]} f2 {[%emt 0:00:00]} 59. Bxf2 {[%emt 0:00:00]} Kxf2 {[%emt 0:00:00]} 60. a7 {[%emt 0:00:00]} g3 {[%emt 0:00:00]} 61. a8=Q {[%emt 0:00:00]} g2 {[%emt 0:00:00]} 62. Qa7+ {[%emt 0:00:00]} Ke2 {[%emt 0:00:00]} 63. Qg1 {[%emt 0:00:00]} Kf3 {[%emt 0:00:00]} 64. h7 {[%emt 0:00:00]} Kg3 {[%emt 0:00:00]} 65. Kc5 {[%emt 0:00:00]} Kf3 {[%emt 0:00:00]} 66. Kd6 {[%emt 0:00:00]} Kg3 {[%emt 0:00:00]} 67. Qe3+ {[%emt 0:00:00]} Kg4 {[%emt 0:00:00]} 68. Qf2 {[%emt 0:00:00]} Kh3 {[%emt 0:00:00]} 69. Qf3+ {[%emt 0:00:00]} Kh2 {[%emt 0:00:00]} 70. Qh5+ {[%emt 0:00:00]} 1-0

[Event "Bergen Grand Prix 2019"]
[Site "Bergen"]
[Date "2019.11.15"]
[Round "1.7"]
[White "Sorensen, Simen"]
[Black "Agustsson, Hafsteinn"]
[Result "1-0"]
[WhiteElo "2004"]
[BlackElo "1801"]
[Annotator "NA RC"]
[PlyCount "69"]
[EventDate "2019.11.15"]
[EventType "swiss"]
[EventCountry "NOR"]
[SourceTitle "playchess.com"]
[Source "ChessBase"]
[SourceQuality "1"]
[TimeControl "40/5400:1800"]

1. d4 {[%emt 0:00:03]} d5 {[%emt 0:00:08]} 2. Nf3 {[%emt 0:00:11]} e6 {[%emt 0:00:21]} 3. c4 {[%emt 0:00:18]} Be7 {[%emt 0:00:29]} 4. Nc3 {[%emt 0:00:20]} Nf6 {[%emt 0:00:35]} 5. Bf4 {[%emt 0:00:37]} O-O {[%emt 0:00:31]} 6. e3 {[%emt 0:00:39]} c5 {[%emt 0:03:44]} 7. dxc5 {[%emt 0:05:11]} Bxc5 {[%emt 0:01:22]} 8. Qc2 {[%emt 0:02:54]} Nc6 {[%emt 0:14:11] D37: Queen's Gambit Declined: 5 Bf4} 9. Be2 {[%emt 0:06:22]} (9. a3 Qa5 10. O-O-O Be7 11. Rg1 a6 12. g4 dxc4 13. Bxc4 b5 14. g5 Nh5 15. Bd3 b4 16. Bxh7+ Kh8 17. Be4 bxc3 18. Bxc6 cxb2+ {½-½ (44) Mamedyarov,S (2764)-Nakamura,H (2743) Saint Louis 2019}) 9... h6 $146 {[%emt 0:07:04]} ({Predecessor:} 9... dxc4 10. Bxc4 Nb4 11. Qe2 Nbd5 12. Bxd5 Nxd5 13. Nxd5 Qxd5 14. O-O b6 15. Ne5 f6 16. e4 {½-½ (16) Cernousek,L (2427)-Chernyshov,K (2500) Marianske Lazne 2019}) 10. Rd1 {[%emt 0:04:25]} Qe7 {[%emt 0:04:44]} 11. cxd5 {[%emt 0:04:06]} Nb4 {[%emt 0:00:36]} 12. Qb3 {[%emt 0:01:37]} Nbxd5 {[%emt 0:01:43]} 13. Be5 {[%emt 0:12:38]} b6 {[%emt 0:06:29]} 14. O-O {[%emt 0:03:22]} Bb7 {[%emt 0:01:40]} 15. Nb5 {[%emt 0:06:44]} Rfd8 {[%emt 0:12:55]} 16. a3 {[%emt 0:01:27]} a6 {[%emt 0:04:06]} 17. Nbd4 {[%emt 0:01:30]} Bd6 {[%emt 0:07:19]} 18. Bxd6 {[%emt 0:05:34]} Qxd6 {[%emt 0:01:33]} 19. Nd2 {[%emt 0:00:40]} e5 {[%emt 0:09:27]} 20. Nc4 {[%emt 0:03:52]} Qe7 {[%emt 0:01:02]} 21. Nf5 {[%emt 0:07:26]} Qe6 {[%emt 0:00:05]} 22. Ng3 {[%emt 0:01:36]} Nd7 {[%emt 0:01:59]} 23. h3 {[%emt 0:01:52]} Nc5 {[%emt 0:00:21]} 24. Qc2 {[%emt 0:00:30]} Nf6 {[%emt 0:00:42] [#]} 25. b4 {[%emt 0:04:15]} (25. Qf5 $1 $16) 25... Nce4 {[%emt 0:01:14]} 26. Nxe4 {[%emt 0:00:14]} Bxe4 {[%emt 0:00:01]} (26... Nxe4 $11 {keeps the balance.} 27. Bf3 Rdc8 28. Bxe4 Rxc4 29. Qxc4 Qxc4 30. Bxb7 Rf8) 27. Qb2 {[%emt 0:00:28]} Re8 {[%emt 0:00:34]} 28. Rd6 {[%emt 0:00:23]} Qf5 {[%emt 0:01:15]} 29. Nxb6 {[%emt 0:01:11]} Rad8 {[%emt 0:00:48]} 30. Nc4 {[%emt 0:02:44]} Qg5 {[%emt 0:00:16]} 31. f3 {[%emt 0:01:25]} Rxd6 {[%emt 0:00:17]} 32. Nxd6 {[%emt 0:00:20]} Qxe3+ {[%emt 0:00:16]} (32... Rd8 {keeps fighting.}) 33. Kh2 {[%emt 0:02:00]} Rd8 {[%emt 0:00:20] [#]} 34. Nc4 $1 {[%emt 0:01:05] Double Attack} ({Worse is} 34. Nxe4 Nxe4 35. fxe4 Rd2 $11) 34... Rd2 $18 {[%emt 0:00:14]} (34... Qf4+ $142 35. g3 Qg5 36. fxe4 Nxe4) 35. Qxd2 {[%emt 0:00:16]} ({Weaker is} 35. Nxe3 Rxb2 36. Bxa6 Rb3 $16) 1-0